| 000 | 00000nas 2200000za 4500 |
| 001 | 9.855093 |
| 003 | CaOODSP |
| 005 | 20221107155223 |
| 007 | cr ||||||||||| |
| 008 | 180412d19411947oncar p oss f0###a0eng|d |
| 040 | |aCaOODSP|beng |
| 043 | |an-cn--- |
| 086 | 1 |aCS47-202E-PDF |
| 245 | 00|aReport on the button, buckle and fasteners industry in Canada |h[electronic resource]. |
| 246 | 16|aButton, buckle, and fastener industry in Canada |
| 260 | |aOttawa : |bDominion Bureau of Statistics, Industry and Merchandising Division, General Manufactures Branch, |c1943-1947. |
| 310 | |aAnnual |
| 362 | 0 |a1941-1947. |
| 500 | |aTitle from cover. |
| 500 | |aDigitized edition from print [produced by Statistics Canada]. |
| 550 | |aIssued 1947 by General Manufactures Section. |
| 692 | 07|2gccst|aManufacturing industry |
| 710 | 1 |aCanada. |bDominion Bureau of Statistics. |
| 710 | 1 |aCanada. |bCensus of Industry. |bGeneral Manufactures Branch. |
| 710 | 1 |aCanada. |bDominion Bureau of Statistics. |bGeneral Manufactures Section. |
| 780 | 00|tReport on the button industry in Canada |w(CaOODSP)9.855084 |
| 785 | 00|tThe button, buckle, and fastener industry in Canada |w(CaOODSP)9.855096 |